Top 10 Malaysian cities by population - Statistics

General Stats
  • This quiz has been taken 108 times
  • The average score is 3 of 10
Answer Stats
Population Answer % Correct
7,200,000 Kuala Lumpur
99%
2,412,616 George Town
77%
657,892 Ipoh
53%
405,523 Alor Setar
21%
427,515 Kuantan
21%
484,855 Malacca City
9%
397,673 Tawau
7%
396,290 Sendakan
2%
497,067 Johar Baru
1%
452,058 Kota Kinbalu
1%
No matching quizzes found
Score Distribution
Percent of People with Each Score
Percentile by Number Answered
Your Score History
You have not taken this quiz